| 000 | 00881nam a22003137a 4500 | ||
|---|---|---|---|
| 001 | BR2011007606 | ||
| 003 | BR-BrBNA | ||
| 005 | 20230928103815.0 | ||
| 007 | ta | ||
| 008 | 230509b bl.||||| |||| 00| 0 por d | ||
| 040 |
_aBR-BrBNA _bpor _cBiblioteca Nacional de Agricultura |
||
| 041 | _a(Por) | ||
| 072 | _aA50 | ||
| 090 | _ A50 BR2011007606 | ||
| 110 | 1 |
_aEmpresa Baiana de Desenvolvimento Agrícola, Salvador, BA (Brasil) _93784 |
|
| 245 | 1 | _aRelatório de gestão da EBDA 2010 | |
| 260 | 3 |
_aSalvador, BA (Brasil): _c2010. |
|
| 300 | _a97 p. | ||
| 500 | _a45 illus.; 11 tables | ||
| 650 | _aCADEIA PRODUTIVA | ||
| 650 | _aGESTÃO | ||
| 650 | _aESTAÇÃO EXPERIMENTAL | ||
| 650 | _aCOMERCIALIZAÇÃO | ||
| 650 | _aCOMUNICAÇÃO | ||
| 650 | _aPROJETO DE DESENVOLVIMENTO | ||
| 650 | _aADMINISTRAÇÃO | ||
| 909 |
_a202309 _bLucia _c55 _dLucia Elande |
||
| 942 | _cBK | ||
| 999 |
_c76727 _d76727 |
||